banner-ar

عودة الدولة : (Record no. 63710)

MARC details
000 -الفاتح
حقل البيانات ثابتة الطول 01057nam a22002657a 4500
005 - وقت وتاريخ اخر تعامل مع التسجيلة
رقم الضبط 20240530110655.0
008 - عناصر البيانات ثابتة الطول - معلومات عامة
حقل البيانات ثابتة الطول 171218s2015 ua a f b 000 0aara d
017 ## - رقم الايداع القانونى
رقم الايداع القانونى 2015/3140
المصدر ( الهيئة المختصة) مصر. دار الكتب
020 ## - الرقم الدولى المعيارى للكتب
الرقم الدولى المعيارى للكتاب 9789774279744
040 ## - مصدر الفهرسة
وكالة الفهرسة الأصلية EG-CaGPL
وكالة النسخ EG-CaGPL
082 04 - رقم تصنيف ديوى العشرى
رقم الطبعة 21
رقم التصنيف 320.962\
رقم المادة ق/ع ع
100 0# - المدخل الرئيسى - إسم شخصى
الإسم الشخصى على الدين هلال
245 10 - بيان العنوان
العنوان عودة الدولة :
بيان المسئوليه,etc تطور النظام السياسى فى مصر بعد 30 يونيو /
بقية العنوان على الدين هلال ، مى مجيب ، مازن حسن .
250 ## - بيان الطبعة
بيان الطبعة ط.1
260 ## - PUBLICATION, DISTRIBUTION, ETC. (IMPRINT)
تاريخ النشر أو التوزيع 2015 .
300 ## - الوصف المادى
التعداد 316 ص. ؛
أبعاد الوعاء 24 سم.
650 07 - المدخل الاضافى بالموضوع-مصطلح موضوعى
مصدر الرأس أو المصطلح qrmak
مصطلح موضوعي دستور 2014
650 07 - المدخل الاضافى بالموضوع-مصطلح موضوعى
مصدر الرأس أو المصطلح qrmak
مصطلح موضوعي الدساتير
التقسيم الفرعي العام تعديلات
651 07 - المدخل الاضافى بالموضوع - اسم جغرافى
مصدر الرأس أو المصطلح qrmak
الاسم الجغرافي مصر
التقسيم الفرعي العام الاحوال السياسية
651 07 - المدخل الاضافى بالموضوع - اسم جغرافى
مصدر الرأس أو المصطلح qrmak
الاسم الجغرافي مصر
التقسيم الفرعي العام الدستور
700 0# - المدخل الاضافى - اسم شخصى
الإسم الشخصى مى مجيب
الدور مؤلف مشارك
700 0# - المدخل الاضافى - اسم شخصى
الإسم الشخصى مازن حسن
الدور مؤلف مشارك
942 ## - عناصر المدخل الإضافي( كوها)
مصدر التصنيف او مخطط الترفيف Dewey Decimal Classification
Koha [default] item type كتاب
260 ## - PUBLICATION, DISTRIBUTION, ETC. (IMPRINT)
-- القاهرة :
-- الدار المصرية اللبنانية ،
Holdings
حالة التراجع حالة الفقد حالة تلف ليس للاعارة المكان المؤقت الموقع الحالى موقع الترفيف تاريخ الاكتساب اجمالي اﻻعارات رقم الطلب الباركود تاريخ اخر مشاهدة تاريخ تفعيل السعر نوع وعاء كوها
        مكتبة القاهرة الكبرى مكتبة القاهرة الكبرى   12/18/2017   320.962\ ق/ع ع 163819 10/05/2022 12/18/2017 كتاب

Powered By

EGPV